000 01928nam0a2200373 i 4500
001 RU\NLR\BIBL_A\010466524
005 20260607071523.0
010 _a9785992902044
_9500
021 _aRU
_b2014-51920
_93144
035 _a(NILC)RuMoRGB-007522065
035 _a(NLR Aleph) 010466524
090 _a10003714
_c10003714
100 _a20140924d2013 u y0rusy50 ca
101 0 _arus
102 _aRU
105 _ay|||z|||000yy
200 1 _aТургенев и Достоевский. Типологические параллели
_eмонография
_fЕ. М. Конышев
_gМ-во образования и науки Российской Федерации, Федеральное бюджетное гос. образовательное учреждение высш. проф. образования "Орловский гос. ун-т"
210 _aОрел
_cИзд-во ОГУ
_d2013
215 _a117 с.
_d21
320 _aБиблиогр.: с. 114-117 (68 назв.)
600 1 _aДостоевский
_bФ. М.
_f1821 - 1881
_gФедор Михайлович
_xи русская литература
_9997416
_3RU\NLR\AUTH\66377713
600 1 _aТургенев
_bИ. С.
_f1818 - 1883
_gИван Сергеевич
_xи русская литература
_91536012
_3RU\NLR\AUTH\66970586
686 2 _aШ5(2=Р)52-4Достоевский417
686 2 _aШ5(2=Р)52-4Тургенев417
700 1 _aКонышев
_bЕ. М.
702 1 _4570
_7ca
_8rus
_aТургенев
_bИ. С.
_f1818-1883
_gИван Сергеевич
_9110198
_3RU\NLR\AUTH\77102
702 1 _4570
_8rus
_7ca
_aДостоевский
_bФ. М.
_f1821-1881
_gФедор Михайлович
_3RU\NLR\AUTH\77838
_9110876
801 0 _aRU
_bРГБ
_c20140718
_gRCR
942 _cBOOK
980 _aNBR